Sensible flesh : on touch in early modern culture /

Bibliographic Details
Other Authors: Harvey, Elizabeth D.
Format: Book
Language:English
Published: Philadelphia : University of Pennsylvania Press, [2003]
Subjects:

MARC

Tag First Indicator Second Indicator Subfields
LEADER 00000cam a22000004a 4500
001 in00001716640
005 20151024180306.0
008 020715s2003 paua b 001 0 eng
010 |a  2002074032 
020 |a 0812236939 (cloth : alk. paper) 
020 |a 0812218299 (pbk. : alk. paper) 
035 |a (OCoLC)ocm50271327 
040 |a DLC  |c DLC  |d TXA  |d UtOrBLW 
042 |a pcc 
049 |a TXAM 
050 0 0 |a BF275  |b .S46 2003 
082 0 0 |a 152/.82  |2 21 
245 0 0 |a Sensible flesh :  |b on touch in early modern culture /  |c edited by Elizabeth D. Harvey. 
264 1 |a Philadelphia :  |b University of Pennsylvania Press,  |c [2003] 
264 4 |c ©2003 
300 |a vi, 320 pages :  |b illustrations ;  |c 23 cm. 
336 |a text  |b txt  |2 rdacontent 
337 |a unmediated  |b n  |2 rdamedia 
338 |a volume  |b nc  |2 rdacarrier 
504 |a Includes bibliographical references (pages [255]-307) and index. 
650 0 |a Touch. 
650 0 |a Senses and sensation. 
700 1 |a Harvey, Elizabeth D. 
948 |a cataloged  |b h  |c 2003/2/12  |d c  |e dmitchel  |f 2:18:18 pm 
994 |a E0  |b TXA 
999 |a MARS 
999 f f |s 9f6ed122-108f-3122-b01f-632ce0a86d66  |i 7020c00b-6e4b-3f51-84d7-a0a516a2caa0  |t 0 
952 f f |p normal  |a Texas A&M University  |b College Station  |c Sterling C. Evans Library  |d Evans: Library Stacks  |t 0  |e BF275 .S46 2003  |h Library of Congress classification  |i unmediated -- volume  |m A14829848464 
998 f f |a BF275 .S46 2003  |t 0  |l Evans: Library Stacks